Confronting the Nazi past : new debates on modern German history

Αποθηκεύτηκε σε:
Λεπτομέρειες βιβλιογραφικής εγγραφής
Άλλοι συγγραφείς: Burleigh, Michael, 1955- (Επιμελητής έκδοσης)
Μορφή: Βιβλίο
Γλώσσα:English
Δημοσίευση: New York : St. Martin's Press, 1996
Θέματα:
Ετικέτες: Προσθήκη ετικέτας
Δεν υπάρχουν, Καταχωρήστε ετικέτα πρώτοι!

MARC

LEADER 00000cam a2200000 i 4500
001 1/2965
008 000516s1996 eng d
020 |a 0-312-16353-3 
035 |l 10060630 
040 |a GR-MY-UA  |b gre  |e aacr 
041 0 |a eng 
082 0 |a 943.086 
245 1 0 |a Confronting the Nazi past :  |b new debates on modern German history /  |c edited by Michael Burleigh 
260 |a New York :   |b St. Martin's Press,   |c 1996 
300 |a 198 p. 
504 |a Includes index 
650 0 0 |a National socialism. 
650 0 0 |a National socialism  |x Psychological aspects. 
650 0 0 |a Historiography  |z Germany. 
650 0 0 |a Jews  |x Persecutions  |z Germany. 
650 0 0 |a Romanies  |z Germany  |x History. 
650 0 0 |a Euthanasia  |z Germany. 
700 1 |a Burleigh, Michael,   |d 1955-  |4 edt 
852 |a INST  |b LESVOS  |e 20000516  |h 943.086 CON  |p 005100024342  |q 005100057978  |t BK  |y 0 
901 |a BIBL1-2000-2 
909 |a Λ  |b 078042 
922 |a 1ΕΛΗ  |b 200005  |c ΚΠΣ/ΤΚΑ  |d ΠΑΠΑΣΩΤΗΡΙΟΥ 
950 |a 117-1999-11-26 
970 |a ΚΑΜΑΤΣΟΥ  |b ΔΕΣΠΟΙΝΑ  |z 2000/05/17